000 00640nam a2200193Ia 4500
003 GCL
008 140319s9999 xx 000 0 ara d
040 _aGCL /
_cGCL
082 0 4 _a355.82
_bن ا
100 1 _aنبيل محمد عبدالعزيز احمد
245 1 0 _aالانيق فى المناجيق وضع ارنبفا الزردكاشى /
_cنبيل محمد عبدالعزيز احمد
300 _a145 ص
490 _a
650 0 4 _aالتاريخ الحربى
650 0 4 _aالتاريخ الاسلامى
650 0 4 _aالاسلحة البيولوجية
650 0 4 _aالاسلحة البدائية
942 _2ddc
_cBK
999 _c40725
_d40725